|
|
|
|
| LEADER |
00000nab a2200000uu 4500 |
| 001 |
vtls011431317 |
| 003 |
SK-MaSNL |
| 005 |
20260303164436.0 |
| 008 |
230313|1973 xo |||||||||||||||||slo| |
| 015 |
|
|
|a SNBRB
|
| 035 |
|
|
|a (urnnbn)urn:nbn:sk:snk:ar-000h4l
|
| 035 |
|
|
|a (uuid)5df716cf-09ce-408c-a5bb-4be8de3cad93
|
| 035 |
|
|
|a urn:nbn:sk:snk-abc7vg
|
| 040 |
|
|
|a SNKBUCL
|b slo
|c SNKBUCL
|e AACR2
|
| 041 |
0 |
|
|a slo
|
| 044 |
|
|
|a xo
|c SK
|
| 100 |
1 |
|
|a Markov, G.
|4 aut
|9 1190016
|
| 245 |
1 |
0 |
|a Zodpovednosť kritiky
|c G. Markov
|
| 773 |
0 |
|
|t Romboid
|g Roč. 8, č. 2 (1973), s. 10-11
|
| 958 |
|
|
|a OND
|
| 958 |
|
|
|a EUIPO
|
| 958 |
|
|
|a article16
|
| 999 |
|
|
|c 2065235
|d 2067165
|